Welcome to the Holygrace Academy Library

Please use search bar below to get started

STATISTICS FOR ECONOMICS (Record no. 1528)

MARC details
000 -LEADER
fixed length control field 00429nam a22001577a 4500
020 ## - INTERNATIONAL STANDARD BOOK NUMBER
ISBN 81-7450-497-4
082 ## - DEWEY DECIMAL CLASSIFICATION NUMBER
Classification number 330
Item number ANW/S
100 ## - MAIN ENTRY--AUTHOR NAME
Personal name NATIONAL COUNCIL OF EDUCATIONL RESEARCH AND TRAINING
245 ## - TITLE STATEMENT
Title STATISTICS FOR ECONOMICS
Remainder of title SOCIAL SCIENCE
246 ## - VARYING FORM OF TITLE
Title proper/short title STATISTICS FOR ECONOMICS
Remainder of title SOCIAL SCIENCE
260 ## - PUBLICATION, DISTRIBUTION, ETC. (IMPRINT)
Place of publication DELHI
Name of publisher NCERT
Year of publication 2006
300 ## - PHYSICAL DESCRIPTION
Number of Pages 136
520 ## - SUMMARY, ETC.
Summary, etc SOCIAL SCIENCE
650 ## - SUBJECT ADDED ENTRY--TOPICAL TERM
Topical Term SOCIAL SCIENCE
942 ## - ADDED ENTRY ELEMENTS (KOHA)
Koha item type Books
Holdings
Withdrawn status Lost status Home library Current library Shelving location Date acquired Source of acquisition Cost, normal purchase price Full call number Accession Number Koha item type
    Main Library Main Library SHELF-5 G REFERENCE SOCIAL SCIENCE 06/12/2019 Purchase 55.00 330 ANW/S 12157 Books